[Event "Bundesliga 0506"]
[Site "Germany"]
[Date "2006.03.12"]
[Round "13.6"]
[White "Hausrath, Daniel"]
[Black "Miltner, Arndt"]
[Result "1/2-1/2"]
[WhiteElo "2463"]
[BlackElo "2400"]
[Annotator "Meulders,R"]
[PlyCount "75"]
[EventDate "2005.10.21"]
[EventType "team-tourn"]
[EventRounds "15"]
[EventCountry "GER"]
[SourceTitle "CBM 112"]
[Source "ChessBase"]
[SourceDate "2006.06.07"]
[SourceVersion "1"]
[SourceVersionDate "2006.06.07"]
[SourceQuality "1"]
[WhiteTeam "Muelheim Nord"]
[BlackTeam "Eppingen"]
[WhiteTeamCountry "GER"]
[BlackTeamCountry "GER"]

1. Nf3 d6 2. d4 Nf6 3. c4 Nbd7 4. Nc3 e5 5. e4 Be7 6. Be2 O-O 7. O-O c6 8. Qc2
a6 9. Rd1 Qc7 10. Bg5 Re8 11. Rac1 b6 12. a3 Bb7 13. b4 (13. d5 c5 14. b4 h6
15. Bd2 Rac8 16. Rb1 Qd8 17. Be1 Bf8 18. Rb2 $11 {1-0 Panno,O-Bibiloni,J/La
Plata 1997 (38)}) 13... Bf8 14. dxe5 dxe5 15. c5 $6 {Interessant, aber nicht
genug, um im Vorteil zu kommen.} (15. Nh4 {[%cal Gh4f5]} a5 16. Rb1 axb4 17.
axb4 h6 18. Be3 g6 19. Qd2 Kh7 $14 {und Weiß hat einen gewissen Druck.}) 15...
bxc5 16. Qb3 cxb4 17. axb4 h6 18. Bc4 Nb6 $1 (18... hxg5 $4 19. Bxf7+ Kh8 20.
Nxg5 g6 21. Nd5 Nxd5 22. Qh3+ $19) 19. Bxf6 gxf6 20. Nh4 Nxc4 21. Qxc4 Rad8 $11
22. Nf5 Qb6 23. Re1 {[%csl Rg8][%cal Ge1e3,Ge3g3,Gg3g7]} Bc8 $1 (23... Qxb4 $4
24. Nxh6+ Kh7 25. Qxf7+ Bg7 26. Nf5 Qf8 27. Qxb7 $18) 24. Re3 {[%csl Rg8]} Bxf5
{'A knight is the king's best friend', falls es der eigene Springer ist; der
feindliche Springer so dicht beim entblößten König ist der schlimmste Feind,
also entfernen!} 25. exf5 Rd4 $1 {Angriff ist die beste Verteidigung.} 26. Qe2
Rxb4 27. Ne4 Bg7 28. Qg4 Rb1 $1 29. Ree1 (29. Nxf6+ $4 Kh8 {gewinnt}) 29...
Rxc1 30. Rxc1 c5 {So hilft die Dame bei der Verteidigung.} 31. h3 (31. Nxc5 $2
Rc8 32. Nb3 Rxc1+ 33. Nxc1 Qb1 34. Qc4 a5 $19) 31... Rc8 32. Rc3 Kh7 $6 (32...
h5 $1 33. Qd1 c4 $17) 33. Rg3 Rg8 34. Kh2 c4 35. Rc3 Rc8 36. Rg3 Rg8 {Schwarz
muss sich mit Zugwiederholung zufrieden geben; die Alternative ist viel zu
gefährlich.} (36... Bh8 37. Qh5 Rc7 38. Rg6 $1 Bg7 39. Nxf6+ $1 $16) 37. Rc3
Rc8 38. Rg3 1/2-1/2

[Event "EU-ch 6th"]
[Site "Warsaw"]
[Date "2005.06.21"]
[Round "4"]
[White "Sulskis, Sarunas"]
[Black "Dziuba, Marcin"]
[Result "1-0"]
[WhiteElo "2545"]
[BlackElo "2429"]
[Annotator "Meulders,R"]
[PlyCount "89"]
[EventDate "2005.06.18"]
[EventType "swiss"]
[EventRounds "13"]
[EventCountry "POL"]
[SourceTitle "CBM 108"]
[Source "ChessBase"]
[SourceDate "2005.09.26"]
[SourceVersion "1"]
[SourceVersionDate "2005.09.26"]
[SourceQuality "1"]

1. e4 c6 2. c4 e5 3. Nf3 d6 4. d4 Nd7 {Von Caro-Kann bis Alt-Indisch. Man soll
sich immer vor Zugwechsel hüten. Bevor man es weiß, ist man in eine bekannte
Variante geraten - mit Minustempo.} 5. Nc3 Ngf6 6. Be2 Be7 7. O-O O-O 8. Re1 a6
9. d5 c5 10. a3 Ne8 11. b4 b6 12. Rb1 (12. Nd2 g6 13. Nb3 f5 14. bxc5 Nxc5 15.
exf5 gxf5 16. a4 a5 17. Nxc5 bxc5 18. Rb1 $14 {1/2-1/2 Agamaliev,G-Sokolowski,
R/Koszalin 1997 (30)}) 12... g6 13. Bh6 (13. Qd3 f5 14. Bd1 Ndf6 15. Nd2 Ng7
16. Rb2 Nfh5 17. g3 (17. bxc5 Nf4 18. Qf1 bxc5 19. g3 Nfh5 20. exf5 gxf5 21.
Qh3 $14) 17... Bg5 $11 18. f3 Ra7 19. Qb1 Raf7 20. Nf1 Bxc1 21. Qxc1 Nf6 22.
Qg5 Qc7 23. Be2 fxe4 24. fxe4 Bh3 $15 {0-1 Berry,J-Day,L/Toronto 1978 (45)})
13... Ng7 14. Rb2 (14. Qd2 f6 (14... Nf6 15. h3 Kh8 16. bxc5 bxc5 17. Rb2 Ng8
18. Bxg7+ Kxg7 19. Reb1 $16 {1-0 Brglez,F-Kanko,I/Germany 1986 (33)} f5 20. Rb6
h6 21. R1b2 Nf6 22. Nxe5 Qe8 23. Nc6 Nxe4 24. Nxe4 fxe4 25. Nxe7 Qxe7 26. R2b3
Ra7 27. Qb2+ Kh7 28. Qc3 Rb7 29. Rxb7 Bxb7 30. Qg3 Bc8 31. Re3 h5 32. h4 Rf5
33. Bd3) 15. Bd1 (15. Rb3 Rf7 16. Reb1 Ra7 17. bxc5 bxc5 $16 {1-0 Mrva,M-Betko,
L/Slovakia 1998 (52)} 18. Bd1 $16) 15... Qc7 16. Ba4 Bd8 17. Rb2 cxb4 18. axb4
$16 {1/2-1/2 Gligoric,S-Barczay,L/Sousse 1967 (64)} Rf7 19. Bc6 Bb7 20. b5 $16)
14... Nf6 15. h3 Kh8 16. Bf1 Ng8 17. Be3 f5 18. bxc5 bxc5 19. Bxc5 $6 {Dieses
Opfer erweist sich in der Partie als erfolgreich, aber eine Figur ist eine
Figur, und Schwarz hätte sich besser verteidigen können.} dxc5 20. Nxe5 fxe4 $2
{Schwarz hätte besser zuerst den Springer angegriffen.} (20... Qc7 21. Nf3 fxe4
22. Nxe4 Nf5 $17) 21. Nxe4 Bd6 ({Jetzt verliert} 21... Qc7 {natürlich sofort
wegen} 22. d6 $18) 22. Nxd6 Qxd6 23. g4 $11 Ra7 24. Qb3 Nf6 (24... Rb7 25. Qg3
$1 {[%csl Rd6,Rh8][%cal Ge5f7,Gg3d6]} Ne8 26. Rxb7 Bxb7 27. Nd3 $1 $16 {
[%csl Rc5]}) 25. Qb6 Qxb6 26. Rxb6 Kg8 $2 ({Das aktivere} 26... Nd7 {hätte
gute Ausgleichchancen gegeben.} 27. Rc6 Nxe5 28. Rxe5 Raf7 29. Re2 Rf3 (29...
h5 30. Rxg6 hxg4 31. hxg4 Kh7 32. Rc6 Bxg4 33. Rd2 $11)) 27. Rc6 $14 Nd7 28.
Nd3 a5 29. Re7 Rb7 30. d6 (30. Nxc5 $4 Nxc5 $19 {[%csl Re7]}) 30... Rd8 {
[%csl Rc8,Rd7,Rd8,Rg7] Die weißen Figuren haben das Brett völlig im Griff.
Schwarz kann nur auf die Exekution warten.} 31. Bg2 (31. Nf4 $18 {wäre noch
sadistisch stärker.}) 31... Ne8 32. Rxc8 Rb1+ 33. Kh2 Rxc8 34. Rxd7 Nf6 35. Rc7
Rd8 36. Nxc5 Rxd6 37. g5 Ne8 38. Re7 Kf8 39. Rxh7 Ng7 40. Bd5 Rb2 41. Kg2 Nf5
42. Ne4 Rdb6 43. c5 Rb8 44. Rf7+ Ke8 45. c6 (45. c6 R8b6 (45... Ne3+ 46. Kf3
Nxd5 47. Nd6+ Kd8 48. Rd7#) 46. Nf6+ Kd8 47. Rf8+ Ke7 48. c7 Rc2 49. c8=Q Rxc8
50. Rxc8 $18) 1-0

[Event "Bundesliga 0203"]
[Site "Germany"]
[Date "2003.01.11"]
[Round "8.8"]
[White "Bromberger, Stefan"]
[Black "Heissler, Jakob"]
[Result "1-0"]
[WhiteElo "2417"]
[BlackElo "2455"]
[Annotator "Meulders,R"]
[PlyCount "103"]
[EventDate "2002.10.19"]
[EventType "team-tourn"]
[EventRounds "15"]
[EventCountry "GER"]
[SourceTitle "CBM 093"]
[Source "ChessBase"]
[SourceDate "2003.04.01"]
[SourceVersion "1"]
[SourceVersionDate "2003.04.01"]
[SourceQuality "1"]
[WhiteTeam "Tegernsee"]
[BlackTeam "Werder Bremen"]
[WhiteTeamCountry "GER"]
[BlackTeamCountry "GER"]

1. d4 Nf6 2. c4 d6 3. Nc3 Nbd7 4. Nf3 c6 5. e4 e5 6. Be2 Be7 7. O-O O-O 8. Re1
a6 9. Rb1 Re8 10. Bf1 Bf8 11. d5 cxd5 (11... c5 {wurde vom großen Tigran
Petrosian bevorzugt - schon mehr als 40 Jahre her:} 12. g3 g6 13. Nh4 Kh8 14.
Qf3 Bg7 15. Bg5 Rf8 16. Bd3 Qe8 17. g4 Ng8 18. Qh3 Ndf6 19. f3 h5 20. Ng2 Nh7 {
mit gleichem Spiel 1/2-1/2 Borisenko,G-Petrosian,T/Moscow 1961 (41)}) ({Oder} 
11... Qc7 12. Nd2 g6 13. Qc2 cxd5 14. cxd5 b5 15. b4 Nb6 16. Nb3 {und jetzt war
} Nfxd5 $2 {wohl viel zu optimistisch:} (16... Nc4 $11) (16... Bd7 $11) 17.
exd5 Nxd5 18. Bb2 Bf5 19. Qd2 Nxb4 20. Rbc1 Qd8 21. a3 $18 {und die drei
Bauern für die Figur sind hier kein ausreichender Ersatz. 1-0 Blanco Sing,
I-Gongora Montes,B/Mexico 1999 (38)}) 12. cxd5 b5 13. b4 $5 {Weiß weicht ab
von einer früheren Partie zwischen den beiden.} (13. h3 Qc7 14. Bd2 Nb6 15. b3
b4 16. Na4 Nxa4 17. bxa4 a5 18. Rc1 Qb8 19. Bb5 Bd7 20. Bc6 $14 {0-1 Bonnmann,
R-Silbermann,F/Mittelrhein 1993 (73)}) (13. a3 Nb6 14. Bd2 Bd7 15. Bd3 Qb8 16.
Qe2 Rc8 17. b3 Be8 18. Rec1 Nbd7 19. b4 Nb6 20. a4 $6 (20. Nd1 $14) 20... Nxa4
21. Nxa4 Rxc1+ 22. Rxc1 bxa4 23. Bg5 (23. Bxa6 Nxe4 $15) 23... Be7 $15 {
0-1 Bromberger,S-Heissler,J/Germany 2000 (56)}) 13... Nb6 (13... Qc7 14. Bd2
Nb6 15. Rc1 Qb7 16. a4 bxa4 17. Nxa4 Bd7 18. Nc3 Rec8 {und Weiß steht nur ein
wenig besser. 0-1 Sakalauskas,V-Chekhova Kostina,T/Koszalin 1999 (39)}) 14. a4
bxa4 15. Nxa4 Nxa4 ({Auch hier dürfte} 15... Bd7 {besser sein; Schwarz hilft
nur die weiße Entwicklung zu beeden.} 16. Nxb6 Qxb6 17. Be3 Qb7 18. Nd2 Ng4 $11
{1/2-1/2 Ylisela,J-Mertens,T/Finland 1987 (42)}) 16. Qxa4 Bd7 17. Qa3 Bb5 $2 {
Erscheint logisch, aber nach Tausch auf b5, ist der schwarze Pb5 ein
Sorgenkind dass Schwarz zu Passivität verurteilt.} ({Nach} 17... Qb6 $1 {
ist eine interessante Variante} 18. Be3 Qb7 19. Bg5 Be7 20. Bxf6 Bxf6 21. b5
Bxb5 22. Qxd6 Be7 23. Qxe5 Bb4 24. Qf4 Bxe1 25. Rxe1 Bxf1 26. Rxf1 Qb4 27. Ng5
Ra7 28. Qe3 Rae7 29. f3 h6 30. Nh3 {und wegen der Mehrqualität steht Schwarz
wohl besser.}) 18. Bxb5 axb5 {[%csl Rb5]} 19. Qd3 Qd7 20. Bg5 Be7 21. Rec1 Rec8
22. h3 h6 23. Be3 Bd8 {Am besten hätte Schwarz nun konzequent versucht diesen
schlechten Läufer zu tauschen.} 24. Nd2 $1 {[%cal Gd2b3,Gd2e4]
Selbstverständlich würde dieser Schimmel ausgezeichnet stehen auf a5 oder c6;
nebenbei deckt er auch Pe4.} Qb7 $2 {Weil Bb6 unmöglich ist weil dann Pb5
hängt, ist dieser Zug nutzlos.} (24... Rab8 $5 25. Ra1 Bb6 26. Rxc8+ Qxc8 27.
Bxb6 Rxb6 28. Nb3 Qc4 (28... Rb7 29. Na5 Qa8 30. Rc1 Re7 31. Rc6 Qb8 32. Qc2
Re8 33. Ra6 Rc8 34. Nc6 {Und Schwarz bleibt in einsem eisernen Griff.}) 29.
Ra8+ Kh7 30. Qe3 $1 Qc7 $1 (30... Rb7 $4 31. Na5 $1 $18) 31. Na5 {[%cal Ga5c6]}
Rb8 32. Ra7 Qc2 33. Nc6 Rf8 (33... Re8 34. f3 Kg8 35. Qe1 (35. Ne7+ Kf8 36. Nf5
Nxd5 $1 {[%csl Rf5]} 37. Qf2 Qxf2+ 38. Kxf2 Nxb4 39. Nxd6 Rd8 (39... Re7 $4 40.
Ra8+) 40. Nxb5 Rd2+ $11) 35... Nh5 36. Rd7 Nf4 37. Qf2 Qc1+ 38. Kh2 Nd3 39. Qg3
{und die weißen Figuren arbeiten viel besser zusammen als die schwarzen.}) 34.
f3 Nh5 35. Qf2 Qc1+ 36. Kh2 f5 {mit unklaren Verwicklungen in denen beide
Seiten Chancen haben.}) 25. Rxc8 Rxc8 26. Ra1 Rb8 {(/\ 27...Bb6 28.Qxb5 Bxe3
29.Qxb7 Bxf2)} 27. Ra7 Qc8 28. Qa3 Nd7 (28... Bb6 29. Bxb6 Rxb6 30. Qa5 Rb8 (
30... Rb7 31. Rxb7 Qxb7 32. Qd8+ {[%csl Rd6]}) 31. Rc7 Qd8 32. Rc6 $1 {und
Weiß bleibt am Ball.}) 29. Qa6 $1 {Der schwache Pb5 sichert Weiß andauernden
Vorteil.} Qxa6 (29... Qc1+ $4 30. Nf1 {[%csl Rd7]}) 30. Rxa6 Nb6 $6 ({Besser
war wohl} 30... Bb6 31. Bxb6 Rxb6 32. Ra7 Nf6 33. f3 $14) 31. Kf1 Kf8 (31...
Bg5 $2 32. Bxb6 Bxd2 33. Bc7 Rc8 34. Bxd6 Rc4 35. f3 f6 36. Rc6 Rd4 37. Bc5 Rc4
38. d6 $18) 32. Ke2 Ke8 33. Kd3 Rb7 34. f3 Kd7 35. Bf2 Bc7 36. Nb1 $1 {[%csl
Rb5]} Nc4 37. Nc3 Nb2+ 38. Kc2 Nc4 39. Rc6 {/\ Nxb5, Rxc4} (39. Ra7 $5 Rb8 40.
Ra2 $1 {/\ Kb3, Nxb5 +-}) 39... Na3+ 40. Kb3 Nc4 41. Ra6 h5 42. Ra2 $1 $18 {
Endlich gewinnt Weiß den Pb5; es ist aus.} Bb6 43. Nxb5 Bxf2 44. Kxc4 Bb6 45.
Ra6 Bc7 46. Ra7 Rxa7 47. Nxa7 Bb6 48. Nc6 Kc7 49. Kb5 Be3 50. Ka6 Bb6 51. Na5
Bd4 52. Nc4 {[%cal Gb4b7]} 1-0

[Event "EU-ch 6th"]
[Site "Warsaw"]
[Date "2005.06.22"]
[Round "5"]
[White "Pelletier, Yannick"]
[Black "Urban, Klaudiusz"]
[Result "1-0"]
[WhiteElo "2610"]
[BlackElo "2497"]
[Annotator "Meulders,R"]
[PlyCount "106"]
[EventDate "2005.06.18"]
[EventType "swiss"]
[EventRounds "13"]
[EventCountry "POL"]
[SourceTitle "CBM 108"]
[Source "ChessBase"]
[SourceDate "2005.09.26"]
[SourceVersion "1"]
[SourceVersionDate "2005.09.26"]
[SourceQuality "1"]

1. d4 Nf6 2. c4 d6 3. Nf3 Nbd7 4. Nc3 c6 5. e4 e5 6. Be2 Be7 7. O-O a6 8. Qc2
O-O 9. Rd1 Qc7 10. Rb1 Re8 11. b4 h6 {Wird sehr selten gespielt. Bg5 is nicht
gefährlich, weil Schwarz dann noch immer h6 ziehen kann.} (11... Bf8 12. Be3 (
12. Bg5 b5 13. Rbc1 Bb7 14. cxb5 cxb5 15. d5 h6 16. Bh4 Rac8 17. Qb1 $14 {
1-0 Ibragimov,I-Bezgodov,A/Ufa 1993 (64)}) 12... b6 13. h3 Bb7 14. d5 cxd5 15.
Nxd5 Bxd5 16. exd5 h6 17. Rdc1 g6 18. a3 $16 {1-0 Adamski,J-Tosic,M/Vrnjacka
Banja 1984 (43)}) (11... b5 12. a4 (12. h3 exd4 13. Nxd4 Nb6 14. Qb3 Nfd7 15.
Bf4 Ne5 16. cxb5 cxb5 17. Rbc1 Qb7 $16 {0-1 Bialas,W-Hickl,J/Germany 1990 (44)}
) (12. a3 Bb7 13. dxe5 Nxe5 14. Nxe5 dxe5 15. c5 $11 {1/2-1/2 Arlandi,
E-Manouck,T/Forli 1993 (41)}) 12... Bb7 13. axb5 cxb5 14. dxe5 dxe5 15. c5 Nxc5
$6 16. bxc5 Bxc5 17. Bd3 Rac8 18. Bb2 Bd4 19. Rdc1 Qa5 20. Qb3 $16 {0-1
Ornstein,A-Hintikka,E/Helsinki 1988 (36)}) (11... Nf8 12. a4 Bg4 13. a5 Bxf3
14. Bxf3 exd4 15. Rxd4 c5 16. Nd5 Nxd5 17. cxd5 Nd7 18. Bf4 Bf6 19. Rc4 Be5 $11
{1-0 Veingold,A-Perinelli,P/Venice 1989 (37)}) (11... exd4 12. Nxd4 h6 (12...
b5 13. Nf5 Bf8 14. Bg5 h6 15. Bh4 g6 16. Ne3 Bb7 17. Rbc1 Rac8 18. a3 Qb6 19.
Ng4 $16 {1/2-1/2 Thorsson,O-Riemersma,L/Hafnarfjordur 1995 (42)}) (12... Ne5
13. h3 (13. f3 h6 14. Bf1 Bf8 15. Kh1 Bd7 16. a4 Rad8 17. Bf4 Bc8 18. a5 $14 {
1/2-1/2 Karkanaque,I-Spraggett,K/Bled 2002 (32)}) (13. Bf4 h6 14. a4 Bf8 15.
Bg3 a5 16. b5 Nfd7 17. f4 Ng6 18. Nf5 $16 {1-0 Krasenkow,M-Malaniuk,V/Warsaw
2002 (31)}) 13... b5 14. a4 bxc4 15. f4 Nd3 16. Bxd3 cxd3 17. Qxd3 Bf8 $11 {
0-1 Szymanski,M-Malaniuk,V/Bydgoszcz 2000 (33)}) 13. Nf5 Bf8 14. Bf4 Ne5 15.
Ne3 Be6 16. Bg3 Rad8 17. h3 d5 18. Rd4 (18. cxd5 cxd5 19. Ncxd5 Qxc2 20. Nxf6+
gxf6 21. Nxc2 Bxa2 22. Rb2 Rxd1+ 23. Bxd1 Rd8 24. Bh5 Be6 25. b5 a5 $11) 18...
dxc4 19. Rxd8 Rxd8 20. Bxc4 $11 {0-1 Kiriakov,P-Prokopchuk,E/St Petersburg
1994 (45)}) 12. h3 Bf8 13. Be3 exd4 14. Nxd4 Ne5 15. Rbc1 (15. f4 Ng6 16. Bd3
Bd7 17. Nf3 $16 {Schwarz hat Raummangel. Der Bd7 steht nicht gerade glänzend,
Ng6 kann nur gegen Pf4 drücken und die logische Entwicklung des Ra8 nach d8
hat Bedenken wegen Qf2, /\ Bb6.}) 15... Bd7 16. c5 $6 {Ein dubiöses
Bauernopfer.} (16. f4 $1 {erscheint doch logisch.}) 16... dxc5 17. bxc5 Bxc5
18. f4 ({Das spektakuläre} 18. Ne6 {hätte Weiß das Läuferpaar gegeben.} Bxe6
19. Bxc5 Rad8 $15) 18... Ng6 19. e5 Nxe5 $6 {Wozu dieses Bravado?} (19... Rad8
$15 {[%csl Re3]}) 20. fxe5 Qxe5 21. Bf2 Rad8 {Schwarz hat natürliches gutes
Spiel und 3 Bauern für die Figur, aber die Variante mit 19...Rad8 war doch
weniger riskant.} 22. Bf1 Bb4 ({Die taktischen Verwicklungen nach} 22... Bxh3 {
sind besser für Weiß:} 23. Nf3 Bxf2+ 24. Qxf2 (24. Kxf2 Qc5+ $19) 24... Rxd1
25. Nxe5 Rxc1 26. Qb2 Re1 27. Nd3 Rxf1+ 28. Kxf1 $14) (22... Bc8 $11) 23. Nf3
Qa5 (23... Qh5) 24. Bd4 (24. Bd3) 24... Bc5 ({Aktiver ist wohl} 24... Bf5) 25.
Qa4 {Weiß glaubt, die Mehrfigur wiege schwerer im Endspiel.} ({Mit der 'petite
Combinaison'} 25. Nb5 $1 {hätte Weiß leicht das Gleichgewicht behalten. Jetzt
kommt Schwarz in leichten Vorteil.} Bxd4+ 26. Nbxd4 Nd5 27. Bd3 Qc7 (27... Ne3
28. Qd2 {[%csl Ra5]})) 25... Bxd4+ 26. Rxd4 Qb6 (26... Qc7) 27. Qb3 Qa7 {
[%csl Rg1]} 28. Kh1 b5 29. Rcd1 Rc8 $6 (29... c5 $1 30. Rd6 Be6 $15 {Schwarz
ist am Ball.}) 30. Rd6 Be6 31. Qb4 a5 32. Qd4 Qb8 33. a3 b4 34. axb4 axb4 35.
Ne2 Bd5 ({Mit} 35... c5 {und nach} 36. Qd3 c4 $1 {hätte Schwarz großen Vorteil
erringen können.} ({Spektakulär, aber weniger gut ist} 36... Qxd6 37. Qxd6 Ne4
38. Qb6 Nf2+ 39. Kh2 Nxd1 40. Nf4 $15)) {Jetzt kann Weiß nach} 36. Rxf6 {
im Trüben fischen.} Re4 37. Qf2 gxf6 38. Ng3 Rf4 39. Nh5 Rf5 40. Qh4 Bxf3 41.
gxf3 Rd8 42. Re1 Qd6 43. f4 Rxh5 44. Qxh5 Qxf4 45. Bg2 Qg5 46. Qf3 c5 47. Rg1
Kh8 $2 (47... Kf8 $1 {und der König verteidigt mit.} 48. Qe4 Qe5 49. Qh7 Qe3
$15) 48. Qb7 $11 {[%csl Rf7] Es zählt nicht die Anzahl der Bauern, aber ihre
Struktur. Die schwarzen Bauern sind unbeweglich und die Mehrfigur, der Bg2,
ist hier sicher 4 (schwache) Bauern wert.} Rg8 49. Qxf7 Qg7 50. Qa2 Qg3 51. Qc2
Qe3 (51... Rg5) 52. Rf1 b3 $2 {"Logisch" in Zeitnot: man geht aggressiv vor,
aber der Textzug schwächt die schwarze Felder ernsthaft.} (52... Qe5 {war
notwendig.}) 53. Qb2 $14 c4 $4 {Oje, nicht gesehen....} (53... c4 54. Qxf6+ Kh7
55. Qf5+ Kh8 56. Be4 Qa7 57. Qe5+ Qg7 58. Rf7 $1 $18) (53... Rg6 54. Rxf6 Rxf6
55. Qxf6+ Kh7 56. Kh2 $16) 1-0

[Event "RUS Cup final 6th"]
[Site "Nefteyugansk"]
[Date "2002.10.12"]
[Round "8"]
[White "Popov, Valerij"]
[Black "Ovetchkin, Roman"]
[Result "1-0"]
[WhiteElo "2568"]
[BlackElo "2573"]
[Annotator "Meulders,R"]
[PlyCount "74"]
[EventDate "2002.10.06"]
[EventType "tourn"]
[EventRounds "11"]
[EventCountry "RUS"]
[EventCategory "11"]
[SourceTitle "CBM 092"]
[Source "ChessBase"]
[SourceDate "2003.02.06"]
[SourceVersion "1"]
[SourceVersionDate "2003.02.06"]
[SourceQuality "1"]

1. d4 Nf6 2. Nf3 d6 3. c4 Nbd7 4. Nc3 e5 5. e4 Be7 6. Be2 O-O 7. O-O c6 8. Be3
{In zwei alten Partien wurde entweder der Bc1 fianchettiert oder Be3 mit h3
vorbereitet.} (8. b3 Re8 9. Re1 Qc7 10. Bb2 Nf8 11. Bd3 Ng6 12. Ne2 Nh5 13. Rc1
Bg4 14. Ng3 Nhf4 15. Nf5 Bf6 16. h3 $2 (16. Bf1 $11) 16... Bxf3 17. Qxf3 exd4
18. Bxd4 Bxd4 19. Nxd4 Ne5 20. Qxf4 Nxd3 $19 {0-1 Rubinstein,S-Capablanca,J/
New York 1913/EXT 2000 (31)}) (8. h3 Qc7 9. Be3 Re8 10. Qc2 Nf8 11. Rad1 Ng6
12. Rd2 Bd7 13. Rfd1 Rad8 14. a3 h6 15. b4 Bf8 16. Qb1 b6 17. a4 $14 Bc8 18.
Ra2 exd4 19. Nxd4 c5 20. Ndb5 {1-0 Torre Repetto,C-Kupchik,A/New York 1925/EXT
99 (42)}) 8... a6 9. d5 c5 10. a3 b6 11. Rb1 Ra7 12. b4 $14 Ne8 13. Rb2 g6 14.
bxc5 bxc5 15. Nd2 f5 16. f3 f4 17. Bf2 Bh4 18. Bxh4 Qxh4 19. Nb3 Qd8 20. Qd2 g5
21. Na4 a5 {Eine Stellung die eher für Königsindisch als für Altindisch
typisch ist, mit gegenseitigen Angriff.} 22. Nc3 Ndf6 23. Nb5 Ra6 {Kein
eleganter Platz für einen Turm, aber Schwarz muss Pa5 decken.} 24. Rfb1 g4 25.
Qd1 Kh8 26. Qe1 Rg8 {Fürs erste Mal sind die Chancen etwa gleich aber Angriff
gegen den König fürht sich immer doch wat leichter....} 27. Qh4 g3 $5 (27...
gxf3 28. Bxf3 a4 29. Nd2 Rb6 $14) 28. Nd2 gxh2+ 29. Qxh2 Rg5 30. Kf2 Nh5 31.
Rh1 Nef6 32. Qg1 Rb6 {[%cal Gb6b7,Gb7g7,Gg5g1,Gg7g5]} 33. Rh2 Rb7 34. Qb1 Rbg7
$15 35. Bf1 {Schwarz steht sehr gut, aber die Zeit macht auch mit in Schach....
} Ng3 36. Ke1 Rh5 37. Rxh5 Nfxh5 $17 1-0